Fuentes virreinales (Record no. 491)

MARC details
000 -CABECERA
campo de control de longitud fija 00774nam a2200229 a 4500
001 - NÚMERO DE CONTROL
campo de control BRCA_560
005 - FECHA Y HORA DE LA ÚLTIMA TRANSACCIÓN
campo de control 20190320203049.0
008 - DATOS DE LONGITUD FIJA--INFORMACIÓN GENERAL
campo de control de longitud fija 750723s1966####mx-a###f##---#001-0#spa-d
040 ## - FUENTE DE LA CATALOGACIÓN
Centro catalogador/agencia de origen DLC
Centro/agencia transcriptor NmLcU
Centro/agencia modificador DLC
041 ## - CÓDIGO DE LENGUA
Código de lengua del texto/banda sonora o título independiente spa
044 ## - CÓDIGO DEL PAÍS DE LA ENTIDAD EDITORA/PRODUCTORA
Código MARC del país mx
050 #4 - SIGNATURA TOPOGRÁFICA DE LA BIBLIOTECA DEL CONGRESO
Número de clasificación NA9413
Número de documento/Ítem .R66 1966
100 1# - ENTRADA PRINCIPAL--NOMBRE DE PERSONA
Nombre de persona Romero de Terreros y Vinent, Manuel
Títulos y otros términos asociados al nombre Marqués de San Francisco
Fechas asociadas al nombre 1880-1968
9 (RLIN) 903
245 10 - MENCIÓN DE TÍTULO
Título Fuentes virreinales
Mención de responsabilidad, etc. Manuel Romero de Terreros.
260 ## - PUBLICACIÓN, DISTRIBUCIÓN, ETC.
Lugar de publicación, distribución, etc. México
Nombre del editor, distribuidor, etc. UNAM
Fecha de publicación, distribución, etc. 1966
300 ## - DESCRIPCIÓN FÍSICA
Extensión 24 p.
Otras características físicas il., 55 láminas
Dimensiones 23 cm.
500 ## - NOTA GENERAL
Nota general Suplemento del núm. 35 de los Anales del Instituto de Investigaciones Estéticas
500 ## - NOTA GENERAL
Nota general Ejemplar igual a Y51
504 ## - NOTA DE BIBLIOGRAFÍA, ETC.
Nota de bibliografía, etc. Incluye referencias bibliográficas
650 14 - PUNTO DE ACCESO ADICIONAL DE MATERIA--TÉRMINO DE MATERIA
Término de materia o nombre geográfico como elemento de entrada Arquitectura colonial
Subdivisión de forma Fuentes
Subdivisión geográfica México
9 (RLIN) 1936
942 ## - ELEMENTOS DE PUNTO DE ACCESO ADICIONAL (KOHA)
Fuente del sistema de clasificación o colocación Library of Congress Classification
Tipo de ítem Koha Libros
Holdings
Estado de retiro Estado de pérdida Estado dañado No para préstamo Localización permanente Ubicación/localización actual Fecha de adquisición Total de préstamos Signatura topográfica completa Código de barras Fecha visto por última vez Precio válido a partir de Tipo de ítem Koha
El ejemplar forma parte de la colección y puede ser consultado según las políticas vigentes.       Biblioteca del Museo Franz Mayer (Rogerio Casas-Alatriste) Biblioteca del Museo Franz Mayer (Rogerio Casas-Alatriste) 25/06/2008   NA9413 .R66 1966 00875 22/03/2019 22/03/2019 Libros